Shared TV Surnames Quiz Stats

 Plays Quiz Updated Aug 28, 2012

Challenge
Share
Tweet
Embed
Score 0/30 Timer 06:00
0 Plays Today
First Names Last Name % Correct
Tim and KellyTaylor
73%
Paris and RossGeller
66.6%
Harry and FrasierCrane
64.1%
Natalie and RachelGreen
60.5%
Wilhelmina and A.C.Slater
60%
Sam and KevinMalone
59.5%
Montgomery and MichaelScott
56.8%
Devon and CarltonBanks
56.6%
Eric and EricFor(e)man
55.3%
Winnie and SheldonCooper
52.3%
Walter and SeymourSkinner
39.1%
Joey and ShermanPotter
36.4%
Cordelia and VincentChase
34.2%
Ginger and LouGrant
32.7%
Christian and DerekShepherd or Shephard
31.6%
First Names Last Name % Correct
Cameron and TomTucker
28.3%
Doug and SusanRoss
27.8%
Charlie and ThelmaHarper
27.7%
Tony and OzzieNelson
25.1%
Steve and LauraHolt
17%
Cordell and SarahWalker
16.4%
Maria and BenderRodriguez
12%
Molly and FinnHudson
10.7%
Lisa and StevenDouglas
10.3%
Pierre and BenChang
9.1%
Danny and HectorWilliams
8.1%
Mike and CharlesLogan
8%
Lily and HenryRush
5.3%
Jack and EdisonCarter
5.1%
Alexx and WillonaWoods
3.3%

You're not logged in!

Compare scores with friends on all Sporcle quizzes.
OR
Log In

You Might Also Like...

Show Comments

Extras

Top Quizzes Today


Score Distribution

Your Account Isn't Verified!

In order to create a playlist on Sporcle, you need to verify the email address you used during registration. Go to your Sporcle Settings to finish the process.

Report this User

Report this user for behavior that violates our Community Guidelines.

Details: